| 000 | 00590nam a22002177a 4500 | ||
|---|---|---|---|
| 003 | KOHA_MİRAKIL | ||
| 005 | 20260331114651.0 | ||
| 008 | 260331b tu ||||| |||| 00| 0 tur d | ||
| 020 | _a9789756342800 | ||
| 040 |
_aTR-AnABB _btur _cTR-AnABB |
||
| 041 | _atur | ||
| 082 |
_a813.42 _bKOK 2019 |
||
| 100 | 1 | _aKöksal, Aydın | |
| 245 | 1 | 0 |
_aToplumsal oyun / _cAydın Köksal |
| 250 | _a1. basım | ||
| 260 |
_aİstanbul : _bToroslu Kitaplığı, _c2019 |
||
| 300 |
_a173 sayfa ; _c20 cm |
||
| 500 | _aYazar imzalı | ||
| 650 | 0 | 4 | _aTürk edebiyatı, roman |
| 942 |
_2ddc _cBK |
||
| 999 |
_c10119 _d10119 |
||
| 900 | _bCan ÇELIK | ||